| 000 | 00599nam a2200193Ia 4500 | ||
|---|---|---|---|
| 008 | 240729s9999 xx 000 0 und d | ||
| 022 | _a1473-0766 | ||
| 245 | 0 | _aGynecological Endocrinology | |
| 260 | _aUnited Kingdom | ||
| 260 | _bTaylor & Francis Group | ||
| 650 | _a Diseases of the endocrine glands. Clinical endocrinology | ||
| 650 | _a Gynecology and obstetrics | Medicine | ||
| 650 | _a Internal medicine | ||
| 650 | _a Specialties of internal medicine | ||
| 650 | _aMedicine | ||
| 856 | _uhttps://doaj.org/toc/a74a192857394bac9aa0733c9e8f33e4 | ||
| 942 | _2ddc | ||
| 942 | _cDOAJEJ | ||
| 999 |
_c67893 _d67893 |
||
| 945 |
_a1 _bMadushi Gamage _c1 _dMadushi Gamage |
||